| 000 | 00838cad a22002295a 4500 | ||
|---|---|---|---|
| 008 | 100811s1994 xxk l f | ||
| 020 | _a0110455886 | ||
| 035 | _a(Sirsi) u60173 | ||
| 041 | _aeng | ||
| 110 | 2 |
_aUnited Kingdom _kLaws, etc. _95044 |
|
| 245 | 0 | 4 |
_aThe Land Registration (Scotland) Act 1979 (Commencement No.8) Order 1994 _h[electronic resource] |
| 260 |
_aLondon _bHMSO _c1994 |
||
| 350 | _a0.65 | ||
| 490 |
_aSI _v1994:2588 |
||
| 520 | _aMade 29 September 1994. | ||
| 650 | _aLAND REGISTRATION (SCOTLAND) ACT 1979 | ||
| 651 | 4 | _aScotland | |
| 690 | _aPROPERTY-PROPERTY ACQUISITION AND DISPOSAL-REGISTRATION OF TITLE TO PROPERTY-LAND REGISTRATION | ||
| 856 | 4 | 8 |
_uhttps://www.legislation.gov.uk/uksi/1994/2588/contents/made _zView the SI free of charge at www.legislation.gov.uk |
| 942 | _n0 | ||
| 948 | _c04/03/1997 | ||
| 999 |
_c94200 _d94200 |
||